| 000 | 00573cam a2200169Ia 4500 | ||
|---|---|---|---|
| 020 | _a9251066272 | ||
| 020 | _a9789251066270 | ||
| 040 | _cNLGGC | ||
| 082 | _a338 FOO 2010 A068 Or. | ||
| 245 | 0 | 0 |
_aStrengthening potato value chains : _btechnical and policy options for developing countries / |
| 260 |
_aRome : _bFood and Agriculture Organization of the United Nations and the Common Fund for Commodities, _cc2010. |
||
| 300 |
_a148 p. : _bcol. ill., col. maps ; _c25 cm. |
||
| 650 | 0 | _aPotato industry | |
| 650 | 0 | _aPotatoes | |
| 700 | 1 | _aCromme, Nicolaus. | |
| 942 | _cEK | ||
| 999 |
_c14775 _d14775 |
||